000 00571nam a22001697a 4500
003 OSt
005 20250711113330.0
008 250711b |||||||| |||| 00| 0 eng d
040 _cAIMIT LIBRARY
100 _aR B, Sharanya.
_e222119
_9218228
245 _aRambutan image classification using deep learning /
_cBy Sharanya R B.
260 _aMangalore ;
_c2024.
700 _aPinto, Jeevan.
_eMentor
_9218229
700 _aKuma, Harish.
_eGuide
_9218230
856 _3Accolade Tech Solutions Private Limited, Mangalore.
_uwww.accoladetechsolutions.com /
942 _2ddc
_cPRO
999 _c234618
_d234618